| 000 | 00677nam a2200241Ia 4500 | ||
|---|---|---|---|
| 003 | OSt | ||
| 005 | 20220928103428.0 | ||
| 006 | a|||||r|||| 00| 0 | ||
| 007 | ta | ||
| 008 | 220927b |||||||| |||| 00| 0 eng d | ||
| 024 | _a29084 | ||
| 037 | _cTextual | ||
| 040 |
_aSDCL _cSDCL _beng |
||
| 041 |
_2eng _aeng |
||
| 082 | _aR4v, P8 | ||
| 100 |
_aRichter Duncan _9403995 |
||
| 245 | 0 |
_aWhy be good? _b A historical introduction to ethics. |
|
| 260 |
_aNew York _b Oxford University Press _c2008 |
||
| 300 |
_a214p. _ccm. |
||
| 650 |
_aEthics-Philosophy-Historical _9403996 |
||
| 942 |
_hR4v, P8 _cTEXL _2CC |
||
| 999 |
_c719753 _d719753 |
||